| 000 | 01010nam a22002175i 4500 | ||
|---|---|---|---|
| 001 | 156140 | ||
| 003 | ES-MaACL | ||
| 005 | 20250905132643.0 | ||
| 008 | 030115s1877 sp |||| | spa d | ||
| 100 | 1 |
_aJaccoud, Segismond. _9128234 |
|
| 245 | 1 | 0 |
_aDiscurso inaugural del curso de patología médica _b: pronunciado en la Facultad de Medicina de París / _cDoctor S. Jaccoud ; versión española de Manuel de Tolosa y Ángel de Larra. |
| 260 |
_aMadrid : _bLibrería de Alfonso Durán, _c1877. |
||
| 300 |
_a32 p. ; _c22 cm. |
||
| 650 | 4 |
_aPatología. _915884 |
|
| 700 | 1 |
_aTolosa Latour, Manuel, _d1857-1919 _9110485 |
|
| 700 | 1 |
_aLarra y Cerezo, Ángel de, _d1858-1910 _970288 |
|
| 852 |
_aES-MaACL _jFol-Laf-159 _z- Enc. hol., con cub. original pegada |
||
| 852 |
_aES-MaACL _jT-621-F-12 _z- Enc. hol. _z- Falto de cub. original _z- Enc. en un vol. facticio |
||
| 852 |
_aES-MaACL _jT-252-F-8 _z- Enc. hol. _z- Falto de cub. original _z- Enc. en un vol. facticio |
||
| 999 |
_c156140 _d156140 |
||